Are organizations' religious exemptions democratically defensible? (Record no. 516306)

000 -LEADER
fixed length control field 01375nam a22001577a 4500
008 - FIXED-LENGTH DATA ELEMENTS--GENERAL INFORMATION
fixed length control field 210223b ||||| |||| 00| 0 eng d
100 ## - MAIN ENTRY--PERSONAL NAME
Personal name Collins, Stephanie
245 ## - TITLE STATEMENT
Title Are organizations' religious exemptions democratically defensible?
260 ## - PUBLICATION, DISTRIBUTION, ETC. (IMPRINT)
Place of publication, distribution, etc Daedalus
300 ## - PHYSICAL DESCRIPTION
Extent 149(3), Summer 2020: p.105-118
520 ## - SUMMARY, ETC.
Summary, etc Theorists of democratic multiculturalism have long defended individuals' religious exemptions from generally applicable laws. Examples include Sikhs being exempt from motorcycle helmet laws, or Jews and Muslims being exempt from humane animal slaughter laws. This essay investigates religious exemptions for organizations. Should organizations ever be granted exemptions from generally applicable laws in democratic societies, where those exemptions are justified by the organization's religion? This essay considers four arguments for such exemptions, which respectively rely on the “transferring up” to organizations of individuals' claims to autonomy or recognition; organizations' own claims to autonomy or recognition; organizations' status in the accountability community; and organizations' procedural constraints. The essay concludes that only the last argument holds up – and then, only with caveats. - Reproduced
650 ## - SUBJECT ADDED ENTRY--TOPICAL TERM
Topical term or geographic name as entry element Multiculturalism, Sikhs,
9 (RLIN) 25084
773 ## - HOST ITEM ENTRY
Main entry heading Daedalus
906 ## - LOCAL DATA ELEMENT F, LDF (RLIN)
Subject DIP RELIGION
942 ## - ADDED ENTRY ELEMENTS (KOHA)
Item type Articles
Holdings
Withdrawn status Lost status Source of classification or shelving scheme Damaged status Not for loan Permanent location Current location Date acquired Serial Enumeration / chronology Barcode Date last seen Koha item type
          Indian Institute of Public Administration Indian Institute of Public Administration 2021-02-23 149(3), Summer 2020: p.105-118 AR124390 2021-02-23 Articles

Powered by Koha